Escola d'Infermeres Auxiliars de Medicina : juliol 1922 juliol 1922
Descripción Física:
30 p. : il. ; 23 cm
MARC
| LEADER | 00000nam a2200000Ia 4500 | ||
|---|---|---|---|
| 001 | 2178 | ||
| 003 | BGR | ||
| 005 | 20260410113645.0 | ||
| 008 | 160829s1922 xx 000 0 cat d | ||
| 080 | |a RF-5-52 | ||
| 110 | 2 | |a Escola d'Infermeres Auxiliars de Medicina |9 70779 | |
| 245 | |a Escola d'Infermeres Auxiliars de Medicina : |b juliol 1922 | ||
| 260 | |a Barcelona : |b Mancomunitat de Catalunya, Departament d'Instrucció Pública, |c 1922 | ||
| 300 | |a 30 p. : |b il. ; |c 23 cm | ||
| 590 | |a Hi ha un duplicat a: DUP-240 | ||
| 650 | |a Escola d'Infermeres Auxiliars de Medicina |x Currículums |9 27719 | ||
| 710 | 2 | |a Catalunya. |b Mancomunitat |b Departament d'Instrucció Pública |9 53015 | |
| 856 | 4 | |u https://media.diba.cat/diba/fitxers/arxiu/fulletons/bib_2178_1922_baixa.pdf |y Accés lliure | |
| 856 | 4 | |u https://media.diba.cat/diba/fitxers/arxiu/fulletons/bib_2178_1922_baixa.pdf |y Accés lliure | |
| 900 | |a bib_2178_1922_baixa.pdf | ||
| 901 | |a Arxiu | ||
| 942 | |n 1 |2 udc |c MON | ||
| 952 | |0 0 |1 0 |4 0 |6 RF552 |7 1 |9 44522 |a Arxiu |b Arxiu |d 2016-12-01 |l 0 |o RF-5-52 |p 2178 |r 2016-12-01 00:00:00 |w 2016-12-01 |y ARXIU | ||
| 999 | |c 47103 |d 47103 | ||